Poznań - prawda czy fałsz? - Statystyki

Ogólne statystyki
  • Ten quiz został rozwiązany 268 razy
  • Średni wynik to 11 z 15
Statystyki odpowiedzi
Zagadnienie Odpowiedź % Poprawnych
Słynie z rogalików świętomarcińskich Prawda
96%
Jacek Jaśkowiak jest prezydentem Poznania Prawda
95%
Poznań posiada 2 Zoo Prawda
95%
Symbolem miasta są Barany Fałsz
92%
Przez miasto płynie Warta oraz Odra Fałsz
91%
Cytadela to największy park w mieście Prawda
91%
Koziołki co pełną godzinę zderzają się na Ratuszu Fałsz
84%
Najdłuższą ulicą w mieście jest ulica Jana Henryka Dąbrowskiego Prawda
68%
Jedyny stadion w mieście znajduje się przy ulicy Bułgarskiej Fałsz
61%
Z miasta bliżej do Warszawy niż do Szczecina Fałsz
58%
Był stolicą Polski Prawda
58%
Urodził się tu Bolesław Chrobry Prawda
54%
Po ,,Poznańskim Czerwcu" W 1956 władze nad Polską stracił Edward Ochab Prawda
54%
Rataje to najbardziej zaludniona dzielnica Fałsz
42%
W czasie 2 wojny światowej należał do generalnego Gubernatorstwa Fałsz
37%
Nie znaleziono quizów pasujących do podanych kryteriów
Rozkład punktacji
Procent ludzi z każdym wynikiem
Percentyl według liczby udzielonych odpowiedzi
Twoja historia wyników
Nie rozwiązałeś tego quizu